000
00310 a2200133 4500
000
nam a22 7a 4500
100
_a
Rosa Lopez De
110
_a
Rosa Lopez De
245
_a
Women and Sport in Asia
250
_a
Latest edition
260
_b
Routledge
_c
2021
264
_b
Routledge
_c
2021
942
_c
BK
999
_c
394161
_d
394161